000
00264nam a2200097Ia 4500
008
240331s9999 xx 000 0 und d
082
_a
301
_b
AMA
100
_a
Amarasingha ,A
245
0
_a
Samaja viddyawa pilibada shabda koshaya :
_b
dictionary of sociology
942
_c
L
999
_c
1004
_d
1004